01050 a2200217 4500003000500000005001700005010001700022020002800039040000900067082001900076100001800095245006700113250001200180260006800192300005600260505029500316650003500611700001800646856009000664856007800754Nust20220803153433.0 a 2003049481 a0470851295 (alk. paper) cNust00a621.319214,ARR1 aArrillaga, J.10aPower system harmonics /cJos Arrillaga and Neville R. Watson. a2nd ed. aWest Sussex, England ;aHoboken, NJ :bJ. Wiley & Sons,cc2003. ax, 399 p. :bill. ;c25 cm. +e1 CD-ROM (4 3/4 in.) aSubject Definition And Objectives (Page-1), Harmonic Analysis (Page-17), Harmonic Sources (Page-61), Effect Of Harmonic Distortion (Page-143), Harmonic Monitoring (Page-191), Harmonic-Elimination (Page-219), Computation Of Harmonic Flows (Page-261), Advanced Harmonic Assessment (Page-351). 0aTelecommunication Engineering.1 aWatson, N. R.423Publisher descriptionuhttp://www.loc.gov/catdir/description/wiley041/2003049481.html423Table of contentsuhttp://www.loc.gov/catdir/toc/wiley041/2003049481.html